LIBRARY & INFORMATION CENTRE, KCAET, TAVANUR

ONLINE PUBLIC ACCESS CATALOGUE (OPAC)

Higher engineering mathematics / (Record no. 13280)

MARC details
000 -LEADER
fixed length control field 00409cam a2200169ua 4500
041 ## - LANGUAGE CODE
Language code of text/sound track or separate title eng
082 ## - DEWEY DECIMAL CLASSIFICATION NUMBER
Classification number 518
Item number BIR/HI
100 ## - MAIN ENTRY--AUTHOR NAME
Personal name Bird, John .
245 ## - TITLE STATEMENT
Title Higher engineering mathematics /
260 ## - PUBLICATION, DISTRIBUTION, ETC. (IMPRINT)
Place of publication Burlington :
Name of publisher Newnes ,
Year of publication 2006.
300 ## - PHYSICAL DESCRIPTION
Number of Pages 704 ;
Accompanying material CD.
942 ## - ADDED ENTRY ELEMENTS (KOHA)
Koha item type Books
Holdings
Withdrawn status Lost status Damaged status Home library Current library Date acquired Full call number Accession Number Koha item type
      KAUAET KAUAET 07/04/2012 518 21421 Books
free website counter